Detalles MARC
| 000 -LEADER |
| campo de control de longitud fija |
02264nam a22003857a 4500 |
| 001 - NÚMERO DE CONTROL |
| campo de control |
42835 |
| 003 - IDENTIFICADOR DE NÚMERO DE CONTROL |
| campo de control |
gtgccic |
| 005 - FECHA Y HORA DE LA ÚLTIMA TRANSACCIÓN |
| campo de control |
20251107103125.0 |
| 007 - CAMPO FIJO DE DESCRIPCIÓN FÍSICA--INFORMACIÓN GENERAL |
| campo de control de longitud fija |
ta |
| 008 - DATOS DE LONGITUD FIJA--INFORMACIÓN GENERAL |
| campo de control de longitud fija |
251107b gt ||||| |||| 00| 0 spa d |
| 040 ## - FUENTE DE CATALOGACIÓN |
| Centro catalogador/agencia de origen |
gttgccic |
| Lengua de catalogación |
spa |
| Centro/agencia transcriptor |
gtgccic |
| Normas de descripción |
rda |
| 084 ## - OTRO NÚMERO DE CLASIFICACIÓN |
| Número de control del registro de autoridad o número normalizado |
TPI-16-0104 |
| 100 10 - ENTRADA PRINCIPAL--NOMBRE DE PERSONA |
| Nombre de persona |
Erick Estuardo Alvarez Ramírez |
| Fechas asociadas al nombre |
Ingeniero en Sistemas de Información y Ciencias de la Computación |
| Término indicativo de función/relación |
autor |
| 245 10 - MENCIÓN DEL TÍTULO |
| Título |
Implementación de un sistema de información para el control de inventario |
| Resto del título |
enfocado a pequeñas y medianas empresas comerciales, en el departamento de Izabal / |
| Mención de responsabilidad, etc. |
Alvarez Ramírez, Erick Estuardo |
| 264 #1 - PRODUCCIÓN, PUBLICACIÓN, DISTRIBUCIÓN, FABRICACIÓN Y COPYRIGHT |
| Producción, publicación, distribución, fabricación y copyright |
Guatemala, Guatemala : |
| Nombre del de productor, editor, distribuidor, fabricante |
USAC, Facultad de Ingeniería ; |
| Fecha de producción, publicación, distribución, fabricación o copyright |
2016. |
| 300 ## - DESCRIPCIÓN FÍSICA |
| Extensión |
xxv, 127 p. : |
| Otras características físicas |
il. ; |
| Dimensiones |
27 cm |
| 336 ## - TIPO DE CONTENIDO |
| Fuente |
rdacontenido |
| Término de tipo de contenido |
Texto |
| Código de tipo de contenido |
txt |
| 337 ## - TIPO DE MEDIO |
| Fuente |
rdamedio |
| Nombre/término del tipo de medio |
sin mediación |
| Código del tipo de medio |
n |
| 338 ## - TIPO DE SOPORTE |
| Fuente |
rdasoporte |
| Nombre/término del tipo de soporte |
volumen |
| Código del tipo de soporte |
nc |
| 502 ## - NOTA DE TESIS |
| Nota de tesis |
Tesis Postgrado |
| Tipo de título |
MAESTRO EN TECNOLOGÍAS DE LA INFORMACIÓN Y COMUNICACIÓN |
| Nombre de la institución que otorga el título |
USAC, Facultad de Ingeniería, Escuela de Postgrado |
| Año de obtención del título |
2016 |
| Identificador de la tesis |
TPI-16-0104 |
| 504 ## - NOTA DE BIBLIOGRAFÍA, ETC. |
| Nota de bibliografía, etc. Nota |
Bibliografía pag. 101 |
| 505 ## - NOTA DE CONTENIDO CON FORMATO |
| Título |
1. ANTECEDENTES |
| 505 ## - NOTA DE CONTENIDO CON FORMATO |
| Título |
2. JUSTIFICACIÓN |
| 505 ## - NOTA DE CONTENIDO CON FORMATO |
| Título |
3. ALCANCES |
| 505 ## - NOTA DE CONTENIDO CON FORMATO |
| Título |
4. MARCO TEÓRICO |
| 505 ## - NOTA DE CONTENIDO CON FORMATO |
| Título |
5. MARCO METODOLÓGICO |
| 505 ## - NOTA DE CONTENIDO CON FORMATO |
| Título |
6. PRESENTACIÓN DE RESULTADOS |
| 505 ## - NOTA DE CONTENIDO CON FORMATO |
| Título |
7. DISCUSIÓN DE RESULTADOS |
| 520 #3 - RESUMEN, ETC. |
| Sumario, etc. |
Toda pequeña y mediana empresa (PYME) dedicada a la comercialización de productos terminados, que no posea un sistema de información para el control de inventario, trabaja con menor rendimiento en contraste con alguna que si lo posee. Esto es lo que acontece con muchas empresas de esta clase en el departamente de Izabal de Guatemala, que recurren a llevar el control de su inventario en forma manual, sobre libros contables o plantillas impresas en hojas de papel bond, o bien, digitalmente en hojas electrónicas de cálculo. El presente trabajo de investigación, expone un proyecto de software que coadyuva a mejorar los procesos concernientes al control de inventario de toda pequeña y mediana empresa comercializadora de productos terminados. |
| 650 ## - PUNTO DE ACCESO ADICIONAL DE MATERIA--TÉRMINO DE MATERIA |
| Término de materia o nombre geográfico como elemento de entrada |
INVENTARIOS |
| 650 ## - PUNTO DE ACCESO ADICIONAL DE MATERIA--TÉRMINO DE MATERIA |
| Término de materia o nombre geográfico como elemento de entrada |
PEQUEÑAS Y MEDIANAS EMPRESAS |
| 700 ## - ENTRADA AGREGADA--NOMBRE PERSONAL |
| Nombre de persona |
MA. Héctor Alberto Mendía Arriola |
| Término indicativo de función/relación |
asesor |
| 942 ## - ELEMENTOS DE ENTRADA SECUNDARIOS (KOHA) |
| Fuente de la clasificación o esquema de estantería |
Clasificación Decimal Dewey |
| Tipo de ítem Koha |
TESISPOSTGRADO |
| 945 ## - PROCESAMIENTO DE INFORMACIÓN LOCAL (OCLC) |
| a |
amlo |